Länder Asiens, kannst du sie alle? - Statistiken

Allgemein
  • Dieses Quiz wurde 47 mal gespielt
  • Das Durchschnittsergebnis liegt bei 39 aus 50
Antwortstatistiken
Antwort % Korrekt
China
97%
Japan
97%
Indien
92%
Irak
92%
Iran
92%
Israel
92%
Aserbaidschan
89%
Indonesien
89%
Afghanistan
86%
Armenien
86%
Jordanien
86%
Nepal
86%
Nordkorea
86%
Bangladesch
84%
Jemen
84%
Kasachstan
84%
Oman
84%
Südkorea
84%
Bhutan
81%
Katar
81%
Laos
81%
Libanon
81%
Mongolei
81%
Thailand
81%
Kambodscha
78%
Kirgisistan
78%
Saudi-Arabien
78%
Tadschikistan
78%
Usbekistan
78%
Vietnam
78%
Georgien
76%
Osttimor
76%
Pakistan
76%
Türkei
76%
Turkmenistan
76%
Bahrain
73%
Kuwait
73%
Malaysia
73%
Myanmar
73%
Syrien
73%
Philippinen
70%
Russland
70%
Singapur
70%
Sri Lanka
70%
Brunei
68%
Malediven
68%
Taiwan
68%
Vereinigte Arabische Emirate
65%
Zypern
51%
Palästina
16%
Keine übereinstimmenden Quizze gefunden
Verteilung der Resultate
Anzahl Personen mit jedem Resultat
Perzentil nach korrekt beantworteten Fragen
Ihre Resultats-Entwicklung
Sie haben dieses Quiz noch nicht gespielt